Romans : (Record no. 10060)

MARC details
000 -LEADER
fixed length control field 00474nam a22001697a 4500
003 - CONTROL NUMBER IDENTIFIER
control field GBCCL
005 - DATE AND TIME OF LATEST TRANSACTION
control field 20241126110724.0
008 - FIXED-LENGTH DATA ELEMENTS--GENERAL INFORMATION
fixed length control field 240219b ||||| |||| 00| 0 eng d
040 ## - CATALOGING SOURCE
Transcribing agency gbc
082 ## - DEWEY DECIMAL CLASSIFICATION NUMBER
Classification number 227.1007
Item number DEA
100 ## - MAIN ENTRY--PERSONAL NAME
Personal name Deason, Larry
9 (RLIN) 7059
245 ## - TITLE STATEMENT
Title Romans :
Remainder of title the righteousness of God, an in-depth study of Romans
260 ## - PUBLICATION, DISTRIBUTION, ETC.
Place of publication, distribution, etc. Newyork :
Name of publisher, distributor, etc. Life communications
Date of publication, distribution, etc. 1989
300 ## - PHYSICAL DESCRIPTION
Extent 403p. ;
650 ## - SUBJECT ADDED ENTRY--TOPICAL TERM
Topical term or geographic name entry element Bible
Form subdivision NT
General subdivision Romans
Chronological subdivision study
9 (RLIN) 17465
942 ## - ADDED ENTRY ELEMENTS (KOHA)
Source of classification or shelving scheme Dewey Decimal Classification
Koha item type Books
Holdings
Withdrawn status Lost status Source of classification or shelving scheme Damaged status Not for loan Home library Current Library Shelving location Date acquired Total checkouts Full call number Barcode Date last seen Copy number Price effective from Koha item type
    Dewey Decimal Classification     GRACE BIBLE COLLEGE GRACE BIBLE COLLEGE Biblical Studies 2024-02-19   227.1007 DEA 020450 2025-05-01 c.1 2024-02-19 Books
© Grace Bible College Library 2025